| 000 | 00516nam a2200181 a 4500 | ||
|---|---|---|---|
| 001 | 1100 | ||
| 005 | 20140414131953.0 | ||
| 008 | 041020s19uu xx 00 eng d | ||
| 020 | _a0-86734-039-8 | ||
| 050 |
_aTR 372.4 _bR48 1983 |
||
| 245 | _aReading workbook, fourth grade. | ||
| 260 |
_aCalifornia : _bFrank Schaffer Pub., _c1983. |
||
| 300 | _a48 p. : ill. ; cm. | ||
| 440 | _aBasic Learning Series, bk. 2 | ||
| 500 | _aFor Parents and Teachers | ||
| 650 |
_aReading _xStudy and teaching. |
||
| 999 |
_c112850 _d112850 |
||